[Event "WchT Seniors 65"]
[Site "Struga"]
[Date "2023.09.27"]
[Round "8.3"]
[White "Afek, Yochanan"]
[Black "Lanc, Alois"]
[Result "0-1"]
[WhiteElo "2215"]
[BlackElo "2236"]
[PlyCount "70"]
[EventDate "2023.09.19"]
[EventType "team-swiss"]
[EventRounds "9"]
[EventCountry "MKD"]
[SourceTitle "EXT 2024"]
[Source "ChessBase"]
[SourceDate "2023.10.10"]
[SourceVersion "1"]
[SourceVersionDate "2023.10.10"]
[SourceQuality "1"]
[WhiteTeam "Israel 65"]
[BlackTeam "Slovakia 65"]
[WhiteTeamCountry "ISR"]
[BlackTeamCountry "SVK"]

1. e4 c5 2. c3 d5 3. exd5 Qxd5 4. d4 Nf6 5. Nf3 e6 6. Be2 Nc6 7. 0-0 cxd4 8. cxd4 Be7 9. Nc3 Qd6 10. Nb5 Qd8 11. Ne5 0-0 12. Nxc6 bxc6 13. Nc3 Rb8 14. b3 Qa5 15. Bf4 Rb7 16. Qd3 Rd8 17. Qe3 c5 18. dxc5 Bxc5 19. Qg3 Rbd7 20. Be5 Bd4 21. Bxd4 Rxd4 22. Rac1 Bb7 23. Rc2 h5 24. h3 h4 25. Qe3 Qf5 26. Rfc1 Qg6 27. Bf1 Nh5 28. Ne2 Rd1 29. f3 Ba6 30. Rxd1 Rxd1 31. Rd2 Bxe2 32. Qxe2 Rb1 33. Qe4 Qxe4 34. fxe4 Ng3 35. Rf2 e5 0-1

[Event "EU Corporate-ch"]
[Site "Rotterdam"]
[Date "2022.06.19"]
[Round "5"]
[White "Afek, Yochanan"]
[Black "Pardo Simon, David"]
[Result "0-1"]
[WhiteElo "2210"]
[BlackElo "2461"]
[PlyCount "82"]
[EventDate "2022.06.18"]
[EventType "team-tourn (rapid)"]
[EventRounds "9"]
[EventCountry "NED"]
[SourceTitle "EXT 2023"]
[Source "ChessBase"]
[SourceDate "2022.10.05"]
[SourceVersion "1"]
[SourceVersionDate "2022.10.05"]
[SourceQuality "1"]

1. e4 d6 2. d4 g6 3. f4 Bg7 4. Nf3 a6 5. Bd3 b5 6. 0-0 c5 7. dxc5 dxc5 8. c3 Bb7 9. a4 c4 10. Bc2 Qb6+ 11. Kh1 Nf6 12. Qe2 0-0 13. axb5 axb5 14. Rxa8 Bxa8 15. Na3 Nbd7 16. Be3 Qb7 17. e5 Nd5 18. Bc1 e6 19. Nd4 Nc7 20. Be3 Rd8 21. Bg1 Bf8 22. Rf3 Nb8 23. f5 exf5 24. Nxf5 Ne6 25. Nd6 Bxd6 26. exd6 Rxd6 27. Bd4 Nxd4 28. cxd4 Re6 29. Qf2 Qe7 30. h3 Bxf3 31. Qxf3 Re1+ 32. Kh2 Qd6+ 33. g3 Qxd4 34. h4 Qg1+ 35. Kh3 Re3 36. Qf4 Qh1+ 37. Kg4 Re8 38. Nxb5 h5+ 39. Kg5 Qd5+ 40. Kh6 Qxb5 41. Qf6 Qe5 0-1

[Event "EUR-chT Seniors 65"]
[Site "Prague"]
[Date "2021.09.07"]
[Round "9.1"]
[White "Jeute, Peter"]
[Black "Afek, Yochanan"]
[Result "0-1"]
[WhiteElo "1866"]
[BlackElo "2202"]
[PlyCount "44"]
[EventDate "2021.08.30"]
[EventType "team-swiss"]
[EventRounds "9"]
[EventCountry "CZE"]
[SourceTitle "CBM 204 Extra"]
[Source "ChessBase"]
[SourceDate "2021.11.30"]
[SourceVersion "1"]
[SourceVersionDate "2021.11.30"]
[SourceQuality "1"]
[WhiteTeam "Dresden Springer 65"]
[BlackTeam "Israel 65 II"]
[WhiteTeamCountry "GER"]
[BlackTeamCountry "ISR"]

1. d4 Nf6 2. Nf3 g6 3. e3 Bg7 4. Be2 0-0 5. 0-0 d6 6. c4 Nbd7 7. Nc3 c6 8. b4 e5 9. Qb3 exd4 10. exd4 Re8 11. Bg5 a5 12. a3 Qb6 13. Rab1 Nf8 14. c5 Qa7 15. b5 a4 16. Qb4 Bf5 17. Rbe1 dxc5 18. dxc5 Ne4 19. Nxe4 Bxe4 20. Nd2 Bd5 21. Nc4 Re4 22. Bd3 Rg4 0-1

[Event "EUR-chT Seniors 65"]
[Site "Prague"]
[Date "2021.08.31"]
[Round "2.1"]
[White "Sedlak, Ludek"]
[Black "Afek, Yochanan"]
[Result "0-1"]
[WhiteElo "1879"]
[BlackElo "2202"]
[PlyCount "72"]
[EventDate "2021.08.30"]
[EventType "team-swiss"]
[EventRounds "9"]
[EventCountry "CZE"]
[SourceTitle "CBM 204 Extra"]
[Source "ChessBase"]
[SourceDate "2021.11.30"]
[SourceVersion "1"]
[SourceVersionDate "2021.11.30"]
[SourceQuality "1"]
[WhiteTeam "Roztoky Caissa 65"]
[BlackTeam "Israel 65 II"]
[WhiteTeamCountry "CZE"]
[BlackTeamCountry "ISR"]

1. e4 c5 2. Nf3 Nc6 3. d4 cxd4 4. Nxd4 g6 5. Nc3 Bg7 6. Be3 Nf6 7. Bc4 0-0 8. f3 Qb6 9. Qd2 Nxe4 10. Nxe4 Bxd4 11. Bxd4 Qxd4 12. Qxd4 Nxd4 13. 0-0-0 Nc6 14. h4 d6 15. h5 Bf5 16. hxg6 Bxg6 17. Rh4 Rac8 18. Bb3 Na5 19. c3 Nxb3+ 20. axb3 Rfd8 21. Ng5 Rc5 22. Nxh7 Kg7 23. b4 Re5 24. f4 Re2 25. Rdh1 Rxg2 26. Ng5 Rc2+ 27. Kd1 Rxb2 28. R4h2 Rxh2 29. Rxh2 Rc8 30. Kd2 Rc4 31. Rf2 e6 32. Rf1 Kf6 33. Nh3 Bf5 34. Ng5 e5 35. fxe5+ Kxg5 36. exd6 Rc6 0-1

[Event "Wch Seniors 65 29th"]
[Site "Bucharest"]
[Date "2019.11.20"]
[Round "8"]
[White "Stasans, Aivars"]
[Black "Afek, Yochanan"]
[Result "1-0"]
[WhiteElo "2095"]
[BlackElo "2257"]
[PlyCount "89"]
[EventDate "2019.11.12"]
[EventType "swiss"]
[EventRounds "11"]
[EventCountry "ROU"]
[SourceTitle "CBM 193 Extra"]
[Source "ChessBase"]
[SourceDate "2020.01.31"]
[SourceVersion "1"]
[SourceVersionDate "2020.01.31"]
[SourceQuality "1"]

1. e4 c5 2. Nf3 Nc6 3. d4 cxd4 4. Nxd4 g6 5. Nc3 Bg7 6. Be3 Nf6 7. Bc4 0-0 8. Bb3 d6 9. h3 Bd7 10. 0-0 a6 11. Re1 b5 12. Nd5 e6 13. Nxf6+ Qxf6 14. c3 Qe7 15. Qd2 Na5 16. Rad1 Rfd8 17. Nc2 Nxb3 18. axb3 Bc6 19. Bb6 Rd7 20. Nb4 Bb7 21. e5 a5 22. exd6 Qh4 23. Nc2 Bf8 24. Bc5 Rad8 25. Ne3 h5 26. Qd4 Qg5 27. h4 Qh6 28. Qe5 Qg7 29. Qg3 Qh6 30. Rd2 Bd5 31. c4 Bc6 32. Red1 Rb8 33. Rc2 bxc4 34. Nxc4 Bd5 35. Nxa5 Rc8 36. Rc3 Rdd8 37. b4 Rb8 38. Nc4 Bg7 39. Ne5 Qh8 40. f4 Rb7 41. Ra3 Kh7 42. Rda1 Bf8 43. Ra6 Qf6 44. Qg5 Qxg5 45. hxg5 1-0

[Event "Wch Seniors 65 29th"]
[Site "Bucharest"]
[Date "2019.11.13"]
[Round "2"]
[White "Giurumia, Sorin"]
[Black "Afek, Yochanan"]
[Result "1/2-1/2"]
[WhiteElo "2066"]
[BlackElo "2257"]
[PlyCount "164"]
[EventDate "2019.11.12"]
[EventType "swiss"]
[EventRounds "11"]
[EventCountry "ROU"]
[SourceTitle "CBM 193 Extra"]
[Source "ChessBase"]
[SourceDate "2020.01.31"]
[SourceVersion "1"]
[SourceVersionDate "2020.01.31"]
[SourceQuality "1"]

1. e4 c5 2. Nf3 Nc6 3. Bb5 g6 4. 0-0 Bg7 5. Re1 a6 6. Bxc6 dxc6 7. e5 Nh6 8. d3 Nf5 9. Nc3 Nd4 10. h3 0-0 11. Bf4 f6 12. Nxd4 cxd4 13. Ne4 fxe5 14. Bg3 Qd5 15. Nd2 b5 16. Nf3 Bxh3 17. Bxe5 Bg4 18. Bxg7 Bxf3 19. Qd2 Rf7 20. Re5 Qd7 21. Bh6 Bd5 22. Rae1 Re8 23. f3 a5 24. a3 a4 25. Qg5 Qd6 26. Qh4 c5 27. Bg5 e6 28. Bf4 Qd7 29. Bh6 Rb8 30. Qg3 Rc8 31. Qh4 Qb7 32. Qg4 Rb8 33. Bf4 Ra8 34. Bd2 b4 35. Bc1 b3 36. cxb3 Qxb3 37. Bh6 Qxd3 38. Qh4 Qa6 39. Qg5 Qb7 40. Qd2 Rc8 41. Kh2 Qb6 42. f4 Qd8 43. g3 Rb8 44. R1e2 Rfb7 45. Qc1 c4 46. Bg5 Qf8 47. f5 gxf5 48. Qf4 d3 49. Rd2 Qf7 50. g4 Rxb2 51. Qd4 fxg4 52. Be3 Rxd2+ 53. Bxd2 g3+ 54. Kh3 Qf1+ 55. Kh4 Qf6+ 56. Rg5+ Kf7 57. Qa7+ Rb7 58. Qa8 h6 59. Qg8+ Ke7 60. Kxg3 hxg5 61. Bxg5 Qxg5+ 62. Qxg5+ Kd7 63. Qd2 Rb3 64. Kf4 Kd6 65. Qa5 e5+ 66. Ke3 Rb7 67. Qa6+ Ke7 68. Qa5 Rd7 69. Qc5+ Ke6 70. Qb6+ Rd6 71. Qb8 Kd7 72. Qa7+ Ke6 73. Qb8 Bc6 74. Qc8+ Ke7 75. Qc7+ Bd7 76. Kd2 e4 77. Qxc4 e3+ 78. Kxe3 d2 79. Qh4+ Kf7 80. Qf4+ Ke6 81. Qxd6+ Kxd6 82. Kxd2 Kc7 1/2-1/2

[Event "Vlissingen HZ op 23rd"]
[Site "Vlissingen"]
[Date "2019.08.09"]
[Round "8"]
[White "Afek, Yochanan"]
[Black "Krause, Thomas2222"]
[Result "1-0"]
[WhiteElo "2253"]
[BlackElo "2062"]
[PlyCount "169"]
[EventDate "2019.08.03"]
[EventType "swiss"]
[EventRounds "9"]
[EventCountry "NED"]
[SourceTitle "CBM 191 Extra"]
[Source "ChessBase"]
[SourceDate "2019.09.30"]
[SourceVersion "1"]
[SourceVersionDate "2019.09.30"]
[SourceQuality "1"]

1. e4 Nf6 2. Nc3 d5 3. e5 Nfd7 4. d4 e6 5. Nce2 c5 6. c3 Nc6 7. Nf3 Be7 8. a3 c4 9. Be3 Na5 10. Nd2 Nb6 11. Ng3 Bd7 12. Qg4 g6 13. Bh6 f5 14. exf6 Bxf6 15. Qe2 Na4 16. Rb1 Qe7 17. f4 0-0-0 18. Nf3 Nb6 19. Qd2 Ba4 20. Be2 Kb8 21. 0-0 Nc8 22. Rbe1 Rde8 23. Bd1 Bxd1 24. Qxd1 Nd6 25. Bg5 Nf7 26. Bxf6 Qxf6 27. Ne5 Nxe5 28. fxe5 Qd8 29. Qg4 Re7 30. Rf6 Qb6 31. Qe2 Nc6 32. Ref1 a6 33. h3 Ka7 34. Kh2 Rhe8 35. R1f2 Nd8 36. h4 Qc7 37. h5 Rg7 38. hxg6 hxg6 39. Qg4 Reg8 40. Kg1 Qb6 41. Qg5 Qb3 42. Nf1 Qd1 43. Rf8 Nc6 44. Rxg8 Rxg8 45. Qf6 Nd8 46. Qe7 Qh5 47. Rf3 Qh6 48. Ne3 Qh5 49. a4 g5 50. Qc5+ Kb8 51. Qd6+ Kc8 52. Rh3 Qf7 53. Ng4 Qc7 54. Qb4 Nc6 55. Qc5 b6 56. Qa3 Qe7 57. Qxe7 Nxe7 58. Nf6 Rg7 59. g4 Ng6 60. Rh7 Rxh7 61. Nxh7 Kd7 62. Kf2 Nf4 63. Ke3 Nh3 64. Nf6+ Ke7 65. Nh5 Kf7 66. Kf3 Kg6 67. Ke3 Kf7 68. Nf6 Ke7 69. Nh5 Kf7 70. Kf3 Kg6 71. Kg3 Ng1 72. Nf6 Ne2+ 73. Kf2 Nf4 74. Ke3 Kf7 75. Nd7 b5 76. a5 Nd3 77. b4 Ke7 78. Nb8 Kd8 79. Nxa6 Nb2 80. Nc5 Nd1+ 81. Kd2 Nf2 82. Nxe6+ Kc8 83. Nxg5 Nxg4 84. Ne6 Nf2 85. Nf4 1-0

[Event "Vlissingen HZ op 23rd"]
[Site "Vlissingen"]
[Date "2019.08.06"]
[Round "5"]
[White "Van Liempt, Michael"]
[Black "Afek, Yochanan"]
[Result "1/2-1/2"]
[WhiteElo "2091"]
[BlackElo "2253"]
[PlyCount "53"]
[EventDate "2019.08.03"]
[EventType "swiss"]
[EventRounds "9"]
[EventCountry "NED"]
[SourceTitle "CBM 191 Extra"]
[Source "ChessBase"]
[SourceDate "2019.09.30"]
[SourceVersion "1"]
[SourceVersionDate "2019.09.30"]
[SourceQuality "1"]

1. d4 Nf6 2. Nf3 d5 3. c4 dxc4 4. e3 c5 5. Bxc4 cxd4 6. exd4 e6 7. 0-0 Be7 8. Nc3 0-0 9. Re1 a6 10. a3 b5 11. Ba2 Bb7 12. Bg5 Nc6 13. Rc1 Rc8 14. Bb1 b4 15. Qd3 g6 16. Na4 Nd5 17. Bh6 Re8 18. Nc5 Ba8 19. Nxa6 bxa3 20. bxa3 Qd6 21. Nc5 Red8 22. Ba2 Nf4 23. Qe3 Nd5 24. Qd2 Bf8 25. Bxf8 Qxf8 26. Re4 Nxd4 27. Rxd4 1/2-1/2

[Event "Vlissingen HZ op 23rd"]
[Site "Vlissingen"]
[Date "2019.08.04"]
[Round "3"]
[White "Volkers, Annemarie"]
[Black "Afek, Yochanan"]
[Result "1/2-1/2"]
[WhiteElo "1966"]
[BlackElo "2253"]
[PlyCount "57"]
[EventDate "2019.08.03"]
[EventType "swiss"]
[EventRounds "9"]
[EventCountry "NED"]
[SourceTitle "CBM 191 Extra"]
[Source "ChessBase"]
[SourceDate "2019.09.30"]
[SourceVersion "1"]
[SourceVersionDate "2019.09.30"]
[SourceQuality "1"]

1. e4 c5 2. Nf3 Nc6 3. d4 cxd4 4. Nxd4 g6 5. Nc3 Bg7 6. Nde2 Nf6 7. g3 b6 8. Bg2 Ba6 9. 0-0 0-0 10. Re1 Rc8 11. h3 d6 12. a4 h6 13. Nb5 Bb7 14. Ned4 Nxd4 15. Nxd4 a6 16. e5 dxe5 17. Bxb7 Rc7 18. Ne6 fxe6 19. Bxa6 Qxd1 20. Rxd1 Rxc2 21. Bd3 Rc6 22. Bxg6 e4 23. Bd2 Rc2 24. Rab1 Ra8 25. Be3 Rb8 26. b4 Ra2 27. Ra1 Rxa1 28. Rxa1 Nd5 29. Rc1 1/2-1/2

[Event "Spakenburg op"]
[Site "Spakenburg"]
[Date "2018.07.07"]
[Round "3"]
[White "Afek, Yochanan"]
[Black "Lai, Hing Ting"]
[Result "1-0"]
[WhiteElo "2248"]
[BlackElo "2447"]
[PlyCount "54"]
[EventDate "2018.07.07"]
[EventType "swiss"]
[EventRounds "7"]
[EventCountry "NED"]
[SourceTitle "CBM 185 Extra"]
[Source "ChessBase"]
[SourceDate "2018.07.29"]
[SourceVersion "1"]
[SourceVersionDate "2018.07.29"]
[SourceQuality "1"]

1. e4 e6 2. d4 d5 3. Nd2 Nf6 4. e5 Nfd7 5. c3 c5 6. Bd3 Nc6 7. Ne2 cxd4 8. cxd4 f6 9. exf6 Nxf6 10. Nf3 Bd6 11. 0-0 Qc7 12. Nc3 a6 13. Re1 0-0 14. h3 g6 15. Bh6 Re8 16. Rc1 Bf4 17. Bxf4 Qxf4 18. Ne2 Qd6 19. Qd2 Kg7 20. Nf4 Bd7 21. Ne5 Nxd4 22. Bxg6 Nc6 23. Bxe8 Rxe8 24. Nh5+ Nxh5 25. Qg5+ Kf8 26. Qxh5 Qe7 27. Rc3 Qd8 1-0

[Event "Groningen m 54th"]
[Site "Groningen"]
[Date "2016.12.22"]
[Round "4"]
[White "Afek, Yochanan"]
[Black "Hilwerda, Jonas"]
[Result "0-1"]
[WhiteElo "2278"]
[BlackElo "1991"]
[PlyCount "94"]
[EventDate "2016.12.21"]
[EventType "match"]
[EventRounds "4"]
[EventCountry "NED"]
[SourceTitle "CBM 176 Extra"]
[Source "ChessBase"]
[SourceDate "2017.03.02"]
[SourceVersion "1"]
[SourceVersionDate "2017.03.02"]
[SourceQuality "1"]

1. c4 e5 2. Nc3 Nf6 3. g3 c6 4. d4 exd4 5. Qxd4 Na6 6. Bg2 Bc5 7. Qd2 0-0 8. Nf3 Nc7 9. 0-0 d5 10. cxd5 Ncxd5 11. Nxd5 Qxd5 12. Qxd5 Nxd5 13. e4 Nb6 14. b3 a5 15. Bd2 Be6 16. Rad1 Bb4 17. Be3 c5 18. Ng5 Bd7 19. e5 Bb5 20. Rd6 Nc8 21. Rdd1 Bxf1 22. Kxf1 Ra7 23. e6 f6 24. Ne4 b6 25. Rd7 f5 26. Rxa7 Nxa7 27. Nd6 Nc8 28. Nc4 Re8 29. Bc6 Rxe6 30. Bd5 Kf7 31. Bg5 Bc3 32. Bd8 b5 33. Bxa5 Bxa5 34. Nxa5 Nb6 35. Bxe6+ Kxe6 36. Ke2 Kd5 37. Ke3 c4 38. Kd2 cxb3 39. axb3 Kc5 40. Nb7+ Kb4 41. Kc2 Nd7 42. Nd8 Nc5 43. Nc6+ Ka3 44. Nd4 b4 45. Nxf5 Nxb3 46. Nxg7 Nd4+ 47. Kb1 b3 0-1

[Event "Groningen m 54th"]
[Site "Groningen"]
[Date "2016.12.22"]
[Round "3"]
[White "Hilwerda, Jonas"]
[Black "Afek, Yochanan"]
[Result "1/2-1/2"]
[WhiteElo "1991"]
[BlackElo "2278"]
[PlyCount "117"]
[EventDate "2016.12.21"]
[EventType "match"]
[EventRounds "4"]
[EventCountry "NED"]
[SourceTitle "CBM 176 Extra"]
[Source "ChessBase"]
[SourceDate "2017.03.02"]
[SourceVersion "1"]
[SourceVersionDate "2017.03.02"]
[SourceQuality "1"]

1. e4 c5 2. Nf3 d6 3. d4 cxd4 4. Nxd4 Nf6 5. Nc3 g6 6. f4 Nc6 7. Nxc6 bxc6 8. e5 dxe5 9. Qxd8+ Kxd8 10. fxe5 Nd5 11. Nxd5 cxd5 12. Be3 Kc7 13. c4 Be6 14. c5 Bg7 15. Bd4 Bf5 16. Ba6 Rab8 17. Bc3 d4 18. Bxd4 Rb4 19. Rd1 Bg4 20. Be2 Rd8 21. Bc3 Rxd1+ 22. Kxd1 Bxe2+ 23. Kxe2 Rg4 24. g3 f5 25. exf6 Bxf6 26. Bxf6 exf6 27. Rf1 Rb4 28. b3 f5 29. Rf4 Rb5 30. b4 Rb8 31. Kd3 Re8 32. a4 Re1 33. Kc4 Kc6 34. b5+ Kc7 35. Rd4 Re2 36. a5 Rc2+ 37. Kd5 Rxh2 38. b6+ axb6 39. axb6+ Kb7 40. Kd6 Rc2 41. Kd5 Rc3 42. Ra4 Rd3+ 43. Kc4 Rxg3 44. Ra7+ Kb8 45. Rxh7 Rg1 46. Kb5 Re1 47. Kc6 Re6+ 48. Kd7 Re1 49. Rh8+ Kb7 50. c6+ Kxb6 51. Rb8+ Ka7 52. Rb7+ Ka6 53. Rb2 Rd1+ 54. Ke7 Rc1 55. Kd7 Rd1+ 56. Ke7 Re1+ 57. Kd7 Rd1+ 58. Ke7 Rc1 59. Kd7 1/2-1/2

[Event "Groningen m 54th"]
[Site "Groningen"]
[Date "2016.12.21"]
[Round "1"]
[White "Hilwerda, Jonas"]
[Black "Afek, Yochanan"]
[Result "1/2-1/2"]
[WhiteElo "1991"]
[BlackElo "2278"]
[PlyCount "63"]
[EventDate "2016.12.21"]
[EventType "match"]
[EventRounds "4"]
[EventCountry "NED"]
[SourceTitle "CBM 176 Extra"]
[Source "ChessBase"]
[SourceDate "2017.03.02"]
[SourceVersion "1"]
[SourceVersionDate "2017.03.02"]
[SourceQuality "1"]

1. e4 c5 2. Nf3 Nc6 3. Nc3 g6 4. Bb5 Bg7 5. Bxc6 dxc6 6. h3 e5 7. d3 Qe7 8. 0-0 Nf6 9. Be3 0-0 10. Qd2 Ne8 11. Nh2 Nc7 12. f4 exf4 13. Bxf4 Ne6 14. Bh6 Nd4 15. Bxg7 Kxg7 16. Ne2 Be6 17. Nf4 Bd7 18. c3 Ne6 19. Ng4 Nxf4 20. Qxf4 Bxg4 21. Qxg4 Rad8 22. Rf3 Qe6 23. Qxe6 fxe6 24. Raf1 Rxf3 25. Rxf3 e5 26. Kf2 c4 27. Ke2 cxd3+ 28. Rxd3 Rxd3 29. Kxd3 Kf6 30. g3 Ke6 31. b4 b5 32. Ke3 1/2-1/2

[Event "Groningen op-A 53rd"]
[Site "Groningen"]
[Date "2015.12.29"]
[Round "8"]
[White "Afek, Yochanan"]
[Black "Kokje, Joris"]
[Result "1-0"]
[WhiteElo "2267"]
[BlackElo "1975"]
[PlyCount "47"]
[EventDate "2015.12.21"]
[EventType "swiss"]
[EventRounds "9"]
[EventCountry "NED"]
[SourceTitle "CBM 170 Extra"]
[Source "ChessBase"]
[SourceDate "2016.02.25"]
[SourceVersion "1"]
[SourceVersionDate "2016.02.25"]
[SourceQuality "1"]

1. b3 e5 2. Bb2 Nc6 3. e3 d6 4. d4 exd4 5. exd4 Bf5 6. Bd3 Qg5 7. Nf3 Qe7+ 8. Be2 Nf6 9. 0-0 0-0-0 10. Bb5 a6 11. Bxc6 bxc6 12. Qd2 Qe4 13. Ng5 Qg4 14. Nxf7 Re8 15. f3 Qh5 16. Nxh8 Be7 17. Nc3 Rxh8 18. Rae1 Kd7 19. d5 c5 20. Qe2 Qf7 21. g4 Bg6 22. Qxa6 Nxd5 23. Nxd5 Qxd5 24. Qb5+ 1-0

[Event "Groningen op-A 53rd"]
[Site "Groningen"]
[Date "2015.12.23"]
[Round "3"]
[White "Boer, Alef"]
[Black "Afek, Yochanan"]
[Result "1-0"]
[WhiteElo "2125"]
[BlackElo "2267"]
[PlyCount "129"]
[EventDate "2015.12.21"]
[EventType "swiss"]
[EventRounds "9"]
[EventCountry "NED"]
[SourceTitle "CBM 170 Extra"]
[Source "ChessBase"]
[SourceDate "2016.02.25"]
[SourceVersion "1"]
[SourceVersionDate "2016.02.25"]
[SourceQuality "1"]

1. c4 Nf6 2. Nc3 g6 3. e4 d6 4. d3 Bg7 5. f4 0-0 6. Nf3 c5 7. Be2 Nc6 8. 0-0 a6 9. Bd2 Rb8 10. Rb1 b5 11. a3 b4 12. axb4 cxb4 13. Nd5 Nd7 14. f5 e6 15. fxe6 fxe6 16. Bg5 Qa5 17. Ra1 Qc5+ 18. Be3 Nd4 19. Ne7+ Kh8 20. Nxc8 Rbxc8 21. Kh1 a5 22. b3 Ra8 23. Rf2 e5 24. Nxd4 exd4 25. Rxf8+ Rxf8 26. Bg1 Ra8 27. Ra2 h5 28. Qa1 Kh7 29. Bf3 Ra7 30. Bf2 Nf8 31. Ra4 Qg5 32. Bxd4 Bxd4 33. Qxd4 Qc1+ 34. Qg1 Qxg1+ 35. Kxg1 Ne6 36. Bd1 Kg7 37. Ra2 Kf6 38. Kf2 Ke5 39. Ke3 Nd4 40. g3 Ra8 41. h4 Ra7 42. Rf2 a4 43. bxa4 b3 44. Rb2 Rxa4 45. Kd2 Ra1 46. Bxb3 Rg1 47. Bd1 Rxg3 48. Rb8 Ne6 49. Re8 Kf6 50. Ba4 Nf4 51. Rf8+ Ke5 52. d4+ Kxe4 53. Bc2+ Kf3 54. Bd1+ Ke4 55. Bc2+ Kf3 56. c5 dxc5 57. dxc5 Kg4 58. Bd1+ Kxh4 59. Rxf4+ Kg5 60. Rf8 Ra3 61. c6 Ra7 62. Ke3 Kh4 63. Rh8 Rg7 64. Kd4 Kg3 65. Bxh5 1-0

[Event "Douglas PokerStars op"]
[Site "Douglas"]
[Date "2015.10.05"]
[Round "3"]
[White "Harika, Dronavalli"]
[Black "Afek, Yochanan"]
[Result "1-0"]
[WhiteElo "2516"]
[BlackElo "2252"]
[PlyCount "163"]
[EventDate "2015.10.03"]
[EventType "swiss"]
[EventRounds "9"]
[EventCountry "IOM"]
[SourceTitle "CBM 168 Extra"]
[Source "ChessBase"]
[SourceDate "2015.10.29"]
[SourceVersion "1"]
[SourceVersionDate "2015.10.29"]
[SourceQuality "1"]

1. c4 Nf6 2. Nc3 g6 3. Nf3 Bg7 4. e4 c5 5. d4 cxd4 6. Nxd4 Nc6 7. Be3 0-0 8. Be2 d6 9. 0-0 Bd7 10. Nc2 a6 11. f3 Rc8 12. Rc1 Ne5 13. Na3 Be6 14. Na4 Ned7 15. Qd2 Nc5 16. Nc3 Qa5 17. Nc2 Ncd7 18. b3 b5 19. Nd4 b4 20. Nd5 Bxd5 21. exd5 Nb8 22. a3 Rfe8 23. axb4 Qc7 24. b5 axb5 25. cxb5 Qd7 26. Rxc8 Qxc8 27. Bc4 Qb7 28. Nc6 Nbd7 29. Re1 Nb6 30. Bg5 h6 31. Bh4 Kh7 32. Kh1 Nc8 33. Bf2 Nd7 34. Qf4 Nf6 35. Bd4 Rf8 36. Qe3 Ng8 37. Bxg7 Kxg7 38. h4 h5 39. Qd4+ Nf6 40. Kh2 Re8 41. Ra1 Kg8 42. Re1 Kg7 43. Ra1 Kg8 44. Ra6 Nd7 45. b4 Ndb6 46. Bd3 Qc7 47. Ra1 e5 48. dxe6 Rxe6 49. Kg1 d5 50. Bf1 Kh7 51. Rd1 Ne7 52. Nxe7 Qxe7 53. Rc1 Qd7 54. Qf4 Re7 55. Rc6 Nc8 56. Kh2 Na7 57. Rd6 Qb7 58. Rd8 Re6 59. Qb8 Qe7 60. Rh8+ Kg7 61. Qg8+ Kf6 62. Qd8 Ke5 63. Qb8+ Kd4 64. Qf4+ Kc3 65. Qc1+ Kb3 66. Qb1+ Ka3 67. Qd3+ Ka4 68. Qd1+ Ka3 69. Ra8 Qc7+ 70. Kh1 Re7 71. Qd4 Qb7 72. Qc3+ Ka4 73. Rd8 Nxb5 74. Bxb5+ Kxb5 75. Qc5+ Ka4 76. b5 Rc7 77. Qxd5 Rc1+ 78. Kh2 Qc7+ 79. Rd6 Re1 80. b6 Qb8 81. f4 Rb1 82. Qa2+ 1-0

[Event "Dieren op"]
[Site "Dieren"]
[Date "2015.07.30"]
[Round "9"]
[White "Van der Zon, Stef"]
[Black "Afek, Yochanan"]
[Result "1/2-1/2"]
[WhiteElo "2003"]
[BlackElo "2273"]
[PlyCount "59"]
[EventDate "2015.07.21"]
[EventType "swiss"]
[EventRounds "9"]
[EventCountry "NED"]
[SourceTitle "CBM 167 Extra"]
[Source "ChessBase"]
[SourceDate "2015.09.14"]
[SourceVersion "1"]
[SourceVersionDate "2015.09.14"]
[SourceQuality "1"]

1. e4 c5 2. Nf3 Nc6 3. d4 cxd4 4. Nxd4 g6 5. Nc3 Bg7 6. Be3 Nf6 7. Bc4 0-0 8. Bb3 a5 9. 0-0 d6 10. f3 Bd7 11. a4 Rc8 12. Kh1 Nxd4 13. Bxd4 Be6 14. Bxe6 fxe6 15. Nb5 Nd7 16. c3 Nc5 17. b4 Na6 18. Qb3 Qd7 19. Rfd1 Bxd4 20. Nxd4 Nc7 21. Rab1 Kg7 22. Rd2 e5 23. Nc2 Ne6 24. Ne3 axb4 25. Qxb4 Rb8 26. a5 Rfc8 27. Nd5 Rc6 28. Rdb2 Nf4 29. Qb5 Qe8 30. Rb3 1/2-1/2

[Event "Dieren op"]
[Site "Dieren"]
[Date "2015.07.21"]
[Round "1"]
[White "Krueger, Andre"]
[Black "Afek, Yochanan"]
[Result "0-1"]
[WhiteElo "2109"]
[BlackElo "2273"]
[PlyCount "74"]
[EventDate "2015.07.21"]
[EventType "swiss"]
[EventRounds "9"]
[EventCountry "NED"]
[SourceTitle "CBM 167 Extra"]
[Source "ChessBase"]
[SourceDate "2015.09.14"]
[SourceVersion "1"]
[SourceVersionDate "2015.09.14"]
[SourceQuality "1"]

1. d4 Nf6 2. Bg5 d5 3. Bxf6 gxf6 4. e3 c6 5. c4 Qb6 6. Qb3 Bf5 7. Nc3 e6 8. Nf3 Na6 9. Nh4 Qxb3 10. axb3 Nb4 11. Kd2 Bc2 12. Na4 Bxb3 13. Nb6 Nc2 14. c5 Nxa1 15. Nxa8 Ba2 16. Bd3 Nb3+ 17. Kc3 Kd7 18. Bc2 Nxc5 19. dxc5 Bc4 20. b4 Bg7 21. Kd2 Rxa8 22. Ra1 f5 23. Ra5 Be5 24. Nf3 Bc7 25. Ra1 a5 26. Bd3 Bxd3 27. Kxd3 f6 28. Nd4 Ra6 29. Rb1 f4 30. exf4 Bxf4 31. b5 cxb5 32. Rxb5 e5 33. Ne2 e4+ 34. Kc2 Be5 35. Rxb7+ Kc6 36. Rxh7 a4 37. Kb1 d4 0-1

[Event "Haarlem Nova College op-A 13th"]
[Site "Haarlem"]
[Date "2015.06.28"]
[Round "5"]
[White "De Roda Husman, Juan"]
[Black "Afek, Yochanan"]
[Result "0-1"]
[WhiteElo "2224"]
[BlackElo "2263"]
[PlyCount "102"]
[EventDate "2015.06.26"]
[EventType "swiss"]
[EventRounds "6"]
[EventCountry "NED"]
[SourceTitle "CBM 167 Extra"]
[Source "ChessBase"]
[SourceDate "2015.09.14"]
[SourceVersion "1"]
[SourceVersionDate "2015.09.14"]
[SourceQuality "1"]

1. Nf3 Nf6 2. c4 g6 3. Nc3 Bg7 4. e4 0-0 5. d4 d6 6. Be2 Nbd7 7. 0-0 e5 8. Re1 Re8 9. Bf1 c6 10. Rb1 a5 11. d5 cxd5 12. cxd5 Nc5 13. Nd2 Rf8 14. Nc4 b5 15. Nxb5 Nfxe4 16. f3 Ba6 17. a4 Bxb5 18. axb5 Nf6 19. Be3 Nb7 20. Ra1 Nd7 21. Qd2 f5 22. Ra3 Ndc5 23. b4 axb4 24. Rxa8 Qxa8 25. Qxb4 Qb8 26. b6 e4 27. f4 h6 28. Na5 Rf7 29. Nc6 Qa8 30. Nd4 Kh7 31. Ne6 Nxe6 32. dxe6 Re7 33. Rc1 Nc5 34. Bxc5 dxc5 35. Qxc5 Qd8 36. Kh1 Rxe6 37. b7 Rb6 38. Qc8 Qd2 39. Rc7 Qxf4 40. Rxg7+ Kxg7 41. Qd7+ Kf8 42. Qd8+ Kg7 43. Qxb6 Qxf1+ 44. Qg1 Qb5 45. Qa1+ Kh7 46. g4 Qxb7 47. gxf5 gxf5 48. Qa5 e3+ 49. Kg1 Qb1+ 50. Kg2 Qe4+ 51. Kg1 Qg4+ 0-1